The Coleoptera of Kansas and eastern New Mexico. (Record no. 52622)

MARC details
000 -LEADER
fixed length control field 00858cam a22002651 4500
001 - CONTROL NUMBER
control field s 13000051
003 - CONTROL NUMBER IDENTIFIER
control field DLC
005 - DATE AND TIME OF LATEST TRANSACTION
control field 20260227111910.0
008 - FIXED-LENGTH DATA ELEMENTS--GENERAL INFORMATION
fixed length control field 780307s1859 dcubf f000 0 eng c
010 ## - LIBRARY OF CONGRESS CONTROL NUMBER
LC control number s 13000051
035 ## - SYSTEM CONTROL NUMBER
System control number (OCoLC)3691923
040 ## - CATALOGING SOURCE
Original cataloging agency Smithsonian Inst. Library
Transcribing agency NGenoU
Modifying agency DLC
042 ## - AUTHENTICATION CODE
Authentication code premarc
043 ## - GEOGRAPHIC AREA CODE
Geographic area code n-us-ks
-- n-us-nm
050 00 - LIBRARY OF CONGRESS CALL NUMBER
Classification number Q11
Item number .S68
100 1# - MAIN ENTRY--PERSONAL NAME
Personal name Le Conte, John Lawrence,
Dates associated with a name 1825-1883.
245 14 - TITLE STATEMENT
Title The Coleoptera of Kansas and eastern New Mexico.
Statement of responsibility, etc. By John L. Le Conte.
260 ## - PUBLICATION, DISTRIBUTION, ETC.
Place of publication, distribution, etc. [Washington,
Name of publisher, distributor, etc. Smithsonian Institution,
Date of publication, distribution, etc. 1859]
300 ## - PHYSICAL DESCRIPTION
Extent vi, 58 p.
Other physical details front. (map) 3 pl.
Dimensions 33 cm.
490 0# - SERIES STATEMENT
Series statement Smithsonian contributions to knowledge. [vol. XI, art. 6]
490 0# - SERIES STATEMENT
Series statement Smithsonian Institution publication 126.
650 #0 - SUBJECT ADDED ENTRY--TOPICAL TERM
Topical term or geographic name entry element Insects.
650 #0 - SUBJECT ADDED ENTRY--TOPICAL TERM
Topical term or geographic name entry element Beetles
Geographic subdivision Kansas.
650 #0 - SUBJECT ADDED ENTRY--TOPICAL TERM
Topical term or geographic name entry element Beetles
Geographic subdivision New Mexico.

No items available.

Powered by Koha